000
00298nam a2200133Ia 4500
100
_a
Ramamrutham/ S.
942
_c
BK
654
_a
Applied Mechanics
245
_a
Text Book Of Applied Mechanics
260
_b
Dhanpat Rai & Sons
_a
Delhi
_c
1989
300
_a
832
546
_a
ENGLISH
999
_c
18190
_d
18190